| 000 | 00747nam a2200229 i 4500 | ||
|---|---|---|---|
| 001 | 27010 | ||
| 003 | ES-MaACL | ||
| 005 | 20250804062556.0 | ||
| 007 | t| | ||
| 008 | 030113s1982 sp ||||1| spa d | ||
| 100 | 1 |
_aAsimov, Isaac. _923610 |
|
| 245 | 1 | 0 |
_aHistoria universal Asimov _b: La República romana / _cIsaac Asimov ; [traductor, Néstor Míguez]. |
| 250 | _a[3ª ed.]. | ||
| 260 |
_aMadrid : _bAlianza, _c[1982] |
||
| 300 |
_a255 p. ; _c18 cm. |
||
| 490 | 1 |
_aEl libro de bolsillo. Sección humanidades ; _v822 |
|
| 700 | 1 |
_aMíguez, Néstor. _981054 |
|
| 740 | 3 | _aLa República romana. | |
| 830 | 0 | 3 |
_aEl libro de bolsillo. _pHumanidades _v822 _9178672 |
| 852 |
_aES-MaACL _jL-3236 _bR.103549 |
||
| 999 |
_c27010 _d27010 |
||